00397pab a2200133 454500008004000000100002300040245010500063260000900168300001100177362001100188650002100199700001700220773002600237180718b1989 xxu||||| |||| 00| 0 eng d aO'riordan, Timothy aAdministrative reorganisation and policy changebThe case of her Majesty's Inspectorate of pollution c1989 a272-94 aAutumn aPollution - U.K. aAlbert Weale aPublic Administration